| 000 | 00493nam a2200169Ia 4500 | ||
|---|---|---|---|
| 999 |
_c27580 _d27580 |
||
| 003 | OSt | ||
| 005 | 20201222102855.0 | ||
| 008 | 190216s9999||||xx |||||||||||||| ||und|| | ||
| 040 | _coclc | ||
| 082 |
_a894.8121 _bRAM/A |
||
| 100 |
_aRamachandran, R _97495 |
||
| 245 | 0 |
_aAmrutha Bindukkal / _cR Ramachandran |
|
| 260 |
_bPoorna Publication, _c1984. _aKozhikode: |
||
| 300 | _a117p | ||
| 650 | _aMalayalam Kavitha | ||
| 942 |
_cBK _2ddc _h894.8121 _iRAM/A _k894.8121 _mRAM/A |
||